Подробности
| 000 -МАРКЕР |
| контрольное поле |
01952nam0a22003851 4500 |
| 001 - ИДЕНТИФИКАТОР ЗАПИСИ |
| контрольное поле |
v19\rc\2069791 |
| 005 - ИДЕНТИФИКАТОР ВЕРСИИ |
| контрольное поле |
20260209161639.0 |
| 035 ## - ДРУГИЕ СИСТЕМНЫЕ НОМЕРА |
| Идентификатор записи |
(NLR Aleph) 005275517 |
| 100 ## - ДАННЫЕ ОБЩЕЙ ОБРАБОТКИ |
| Данные общей обработки |
20081111d1912 u y0rusy50 ca |
| 101 0# - ЯЗЫК РЕСУРСА |
| Язык текста, звукозаписи и т.д. |
русский |
| 102 ## - СТРАНА ПУБЛИКАЦИИ ИЛИ ПРОИЗВОДСТВА |
| Страна публикации |
Российская Федерация |
| 105 ## - ПОЛЕ КОДИРОВАННЫХ ДАННЫХ: ТЕКСТОВЫЕ МАТЕРИАЛЫ, МОНОГРАФИЧЕСКИЕ |
| Кодированные данные о монографическом текстовом документе |
a z |||a| |
| 200 1# - ЗАГЛАВИЕ И СВЕДЕНИЯ ОБ ОТВЕТСТВЕННОСТИ |
| Основное заглавие |
Былое на Руси |
| Сведения, относящиеся к заглавию |
Ист. рассказы |
| Первые сведения об ответственности |
Л. Черский |
| Последующие сведения об ответственности |
С рис. худож. Б. Чирикова, Я. Сизова, Н. Захарова и снимками с картин: К. Маковского, М. Пескова, С. Соломко [и др.] |
| -- |
Гравировали: В. Адт, Ю. Шюблер [и др.] |
| 210 ## - ПУБЛИКАЦИЯ, РАСПРОСТРАНЕНИЕ И ДР. |
| Место издания, распространения и т.д. |
Санкт-Петербург |
| Имя издателя, распространителя и т. д. |
В.И. Губинский |
| Дата издания, распространения и т.д. |
1912 |
| 215 ## - ФИЗИЧЕСКАЯ ХАРАКТЕРИСТИКА |
| Специфическое обозначение материала и объем |
288 с., 12 л. ил. |
| Другие сведения о физической характеристике |
ил. |
| Размеры |
22 |
| 316 ## - ПРИМЕЧАНИЯ ОБ ОСОБЕННОСТЯХ ЭКЗЕМПЛЯРА |
| Текст примечания |
Экземпляр РНБ (37.36.4.30): утрачен |
| Организация и экземпляр, к которому относится поле |
NLR: 37.36.4.30 |
| 700 #1 - ИМЯ ЛИЦА - ПЕРВИЧНАЯ ОТВЕТСТВЕННОСТЬ |
| Начальный элемент ввода |
Черский |
| Часть имени, кроме начального элемента ввода |
Л. Ф. |
| Расширение инициалов личного имени |
Леонид Федорович |
| Идентификатор авторитетной/нормативной записи |
RU\NLR\AUTH\7776304 |
| Графика поля |
Кириллица |
| 702 #1 - ИМЯ ЛИЦА - ВТОРИЧНАЯ ОТВЕТСТВЕННОСТЬ |
| Начальный элемент ввода |
Соломко |
| Часть имени, кроме начального элемента ввода |
С. С. |
| Даты |
1867-1928 |
| Расширение инициалов личного имени |
Сергей Сергеевич |
| Идентификатор авторитетной/нормативной записи |
RU\NLR\AUTH\7741250 |
| Код отношения |
Прочие |
| Графика поля |
Кириллица |
| 702 #1 - ИМЯ ЛИЦА - ВТОРИЧНАЯ ОТВЕТСТВЕННОСТЬ |
| Начальный элемент ввода |
Чириков |
| Часть имени, кроме начального элемента ввода |
Б. |
| Код отношения |
Иллюстратор |
| 702 #1 - ИМЯ ЛИЦА - ВТОРИЧНАЯ ОТВЕТСТВЕННОСТЬ |
| Начальный элемент ввода |
Сизов |
| Часть имени, кроме начального элемента ввода |
Я. |
| Код отношения |
Иллюстратор |
| 702 #1 - ИМЯ ЛИЦА - ВТОРИЧНАЯ ОТВЕТСТВЕННОСТЬ |
| Начальный элемент ввода |
Захаров |
| Часть имени, кроме начального элемента ввода |
Н. |
| Дополнения к именам, кроме дат |
художник |
| Код отношения |
Иллюстратор |
| 702 #1 - ИМЯ ЛИЦА - ВТОРИЧНАЯ ОТВЕТСТВЕННОСТЬ |
| Начальный элемент ввода |
Маковский |
| Часть имени, кроме начального элемента ввода |
К. Е. |
| Дополнения к именам, кроме дат |
художник |
| Даты |
1839-1915 |
| Расширение инициалов личного имени |
Константин Егорович |
| Идентификатор авторитетной/нормативной записи |
RU\NLR\AUTH\7793259 |
| Код отношения |
Прочие |
| 702 #1 - ИМЯ ЛИЦА - ВТОРИЧНАЯ ОТВЕТСТВЕННОСТЬ |
| Начальный элемент ввода |
Песков |
| Часть имени, кроме начального элемента ввода |
М. И. |
| Даты |
1834- |
| Расширение инициалов личного имени |
Михаил Иванович |
| Код отношения |
Прочие |
| 702 #1 - ИМЯ ЛИЦА - ВТОРИЧНАЯ ОТВЕТСТВЕННОСТЬ |
| Начальный элемент ввода |
Адт |
| Часть имени, кроме начального элемента ввода |
В. Ф. |
| Дополнения к именам, кроме дат |
гравер |
| Даты |
19 в. |
| Расширение инициалов личного имени |
Вольдемар Францевич |
| Идентификатор авторитетной/нормативной записи |
RU\NLR\AUTH\7798458 |
| Код отношения |
Гравер |
| 702 #1 - ИМЯ ЛИЦА - ВТОРИЧНАЯ ОТВЕТСТВЕННОСТЬ |
| Начальный элемент ввода |
Шюблер |
| Часть имени, кроме начального элемента ввода |
Ю. К. |
| Дополнения к именам, кроме дат |
гравер |
| Даты |
ок. 1854- |
| Расширение инициалов личного имени |
Юлиан Карлович |
| Идентификатор авторитетной/нормативной записи |
RU\NLR\AUTH\7796146 |
| Код отношения |
Иллюстратор |
| 801 #0 - ИСТОЧНИК ЗАПИСИ |
| Страна |
Российская Федерация |
| Организация |
NLR |
| Дата составления |
20081111 |
| Правила каталогизации |
psbo |
| 801 #0 - ИСТОЧНИК ЗАПИСИ |
| Страна |
Российская Федерация |
| Организация |
RuMoRGB |
| Дата составления |
20081111 |
| Источник данных |
psbo |
| 801 #1 - ИСТОЧНИК ЗАПИСИ |
| Страна |
Российская Федерация |
| Организация |
ProSoft-M |
| Дата составления |
20081111 |
| Источник данных |
rusmarc |
| 801 #2 - ИСТОЧНИК ЗАПИСИ |
| Страна |
Российская Федерация |
| Организация |
NLR |
| Дата составления |
20090424 |
| Источник данных |
rusmarc |
| 852 ## - МЕСТОНАХОЖДЕНИЕ И ШИФР ХРАНЕНИЯ |
| Идентификатор организации |
NLR |
| Шифр хранения (Call Number) |
37.36.4.30 |
| 852 ## - МЕСТОНАХОЖДЕНИЕ И ШИФР ХРАНЕНИЯ |
| Идентификатор организации |
NLR |
| Шифр хранения (Call Number) |
130/5427 |
| 942 ## - ДОПОЛНИТЕЛЬНЫЕ ЭЛЕМЕНТЫ ЗАПИСИ (АБИС) |
| Тип экземпляра АБИС |
Книга |
| 980 ## - КОЛЛЕКЦИЯ |
| Название коллекции |
Национальная библиография |